Prevádzkyschopnosť a užívateľnosť budov a stavieb Žilina, Dom techniky ČSVTS 19.-21. apríla 1988

Enregistré dans:
Détails bibliographiques
Format: Livre
Langue:slovaque
Publié: Žilina Dom techn. ČSVTS 1988
Édition:1. vyd.
Tags: Ajouter un tag
Pas de tags, Soyez le premier à ajouter un tag!

MARC

LEADER 00000nam a2200000 4500
001 c034685
005 20221219092103.5
041 0 |a slo 
044 |a SK 
245 1 0 |a Prevádzkyschopnosť a užívateľnosť budov a stavieb  |b Žilina, Dom techniky ČSVTS 19.-21. apríla 1988 
250 |a 1. vyd. 
264 1 |a Žilina  |b Dom techn. ČSVTS  |c 1988 
300 |a 120 s.